000 01134nam a22003377a 4500
001 0008784
003 KOHA_MİRAKIL
005 20260207001648.0
007 ta
008 091009b2005 tu |||gr||||#||||0|tur |
020 _a9751618355
_cTL40
040 _aTR-BiSEU
_btur
_cTR-BiSEU
_erda
041 0 _atur
044 _ctu
050 _aNA747
_b.A28 2005
100 1 _aAcun, Hakkı.
245 1 _aBozok sancağı (Yozgat ili)'nda Türk mimarisi /
_cHakkı Acun ; Hakkı Acun.
264 1 _aAnkara :
_bTürk Tarih Kurumu
_c2005
300 _aXIII, 697 sayfa: resimli; 27 cm.
336 _ametin
_btxt
_2rdacontent
337 _aaracısız
_bn
_2rdamedia
338 _acilt
_bnc
_2rdacarrier
490 1 _aAtatürk Kültür,Dil ve Tarih Yüksek Kurumu Türk Tarih Kurumu Yayınları ;
_vXXX.
490 1 _adizi- sayı 2-a
500 _aKaynakça var.
650 0 _aMimarlık--Türkiye--Yozgat.
_922075
650 0 _aArchitecture--Turkey--Yozgat.
_922076
830 1 _aAtatürk Kültür,Dil ve Tarih Yüksek Kurumu Türk Tarih Kurumu Yayınları ;
_vXXX.
_914135
830 1 _adizi- sayı 2-a
_922077
942 _2lcc
_cBK
999 _c8756
_d8756